000 00565cam a22002291 4500
001 sa 64003970
003 DLC
005 20260227112021.0
008 940616q19601964ii 000 0 telo
010 _asa 64003970
025 _aPL480:I-Te-247
035 _a(OCoLC)30618399
040 _aDLC
_cCU
_dCU
_dDLC
042 _apremarc
050 0 0 _aPK2098.N26
_bZ95
100 2 _aUpendra Sarma, Mandalaparti,
_d1912-
245 1 0 _aSarōjini.
260 _c[196-?]
300 _a111 p.
_c19 cm.
500 _aIn Telugu.
600 1 0 _aNaidu, Sarojini,
_d1879-1949.
999 _c58230
_d58230